000 00828nam a22002417a 4500
003 OSt
005 20230301104141.0
008 220916b |||||||| |||| 00| 0 eng d
040 _cBiblioteca Lado V
082 _a779.942.092
_bT693s
100 _9763
_aTorres, Olman
_efotografo
245 _aStand-by I/
260 _aCosta Rica
_bCornu Copia Zine
_c2012
300 _c14x22cm
_a75p.
490 _a5
_v1
650 _2Tesauro de Arte & Arquitectura
_aFOTOGRAFIA
_9702
650 _2Tesauro de Arte & Arquitectura
_aFIGURA HUMANA
650 _2Tesauro de Arte & Arquitectura
_aPERSONAS
650 _2Tesauro de Arte & Arquitectura
_aRETRATO EN BLANCO Y NEGRO
650 _2Tesauro de Arte & Arquitectura
_aARTE
700 _aFernandez, Guillermo
_eeditor
942 _2ddc
_c1
_h779.942.092
_iT693s
_n0
999 _c3090
_d3090